| 000 | 00573nam 22002053 4500 | ||
|---|---|---|---|
| 001 | 197469 | ||
| 010 | _a972-31-0901-8 | ||
| 021 | _b185180/02 | ||
| 090 | _a197469 | ||
| 100 | _a20250805d u||y0pory50 ba | ||
| 200 |
_aEconomia da empresa _fJosé Mata |
||
| 205 | _a2ª | ||
| 210 |
_aLisboa _cFundação Calouste Gulbenkian, Serviço de Educação e Bolsas _d2002 |
||
| 215 |
_a598 p. _cbrochado _d23 cm |
||
| 606 |
_91108 _aGestão empresarial |
||
| 675 |
_a658 _vPT _zpor |
||
| 700 |
_913515 _aMata _bJosé |
||
| 801 |
_aPT _bBMMN _gRPC |
||
| 830 |
_cFernando _fFernando |
||
| 990 | _cLIVROS | ||